[Event "British Rapidplay"]
[Site "Peterborough"]
[Date "2024.03.03"]
[Round "7"]
[White "Patel, Zain"]
[Black "Pradhan, Ayan"]
[Result "1-0"]
[WhiteElo "1929"]
[BlackElo "1708"]
[PlyCount "127"]
[EventDate "2024.03.02"]
[EventType "swiss (rapid)"]
[EventRounds "11"]
[EventCountry "ENG"]
[SourceTitle "CB10_2024"]
[SourceDate "2024.03.06"]
[SourceVersion "1"]
[SourceVersionDate "2024.03.06"]
[SourceQuality "1"]

1. d4 d5 2. c4 e6 3. Nc3 Nf6 4. cxd5 exd5 5. Bg5 Be7 6. e3 c6 7. Bd3 Nbd7 8. Qc2 h6 9. Bh4 0-0 10. Nge2 Re8 11. 0-0 Ne4 12. Bxe7 Qxe7 13. Bxe4 dxe4 14. d5 Nc5 15. dxc6 bxc6 16. Nd4 Bd7 17. Rfd1 Rab8 18. Rd2 Nd3 19. Rb1 c5 20. Nde2 Bc6 21. Ng3 Rbd8 22. Rbd1 Nb4 23. Qb3 Nd3 24. Qc4 Rb8 25. Qa6 Rb6 26. Qa3 c4 27. Qxe7 Rxe7 28. Nf5 Re5 29. Nd4 Bb7 30. b3 cxb3 31. axb3 Kh7 32. f3 f5 33. Ra1 a6 34. f4 Re8 35. Na4 Rb4 36. Nxf5 Rxb3 37. Nd6 Rd8 38. Nxb7 Rxb7 39. Nc5 Rb5 40. Nxe4 Rbd5 41. Rxa6 Re8 42. Ra3 Rxe4 43. Raxd3 Rxd3 44. Rxd3 Kg6 45. Kf2 Ra4 46. Kf3 h5 47. Rd6+ Kf7 48. h3 Ra3 49. Rd5 g6 50. g4 hxg4+ 51. hxg4 Rb3 52. Ra5 Kg7 53. Ra6 Kf7 54. f5 gxf5 55. gxf5 Rb5 56. Kf4 Rb4+ 57. e4 Rb1 58. Ra7+ Kf8 59. f6 Rf1+ 60. Ke5 Re1 61. Kf5 Rf1+ 62. Ke6 Kg8 63. Ra8+ Kh7 64. f7 1-0

[Event "Hastings Weekend op-A"]
[Site "Hastings"]
[Date "2024.01.06"]
[Round "2"]
[White "Patel, Zain"]
[Black "Arkell, Keith C"]
[Result "0-1"]
[WhiteElo "1840"]
[BlackElo "2380"]
[PlyCount "124"]
[EventDate "2024.01.06"]
[EventType "swiss"]
[EventRounds "5"]
[EventCountry "ENG"]
[SourceTitle "CB02_2024"]
[SourceDate "2024.01.10"]
[SourceVersion "1"]
[SourceVersionDate "2024.01.10"]
[SourceQuality "1"]

1. d4 Nf6 2. Nf3 e6 3. c4 b6 4. g3 Ba6 5. Nbd2 Bb7 6. Bg2 c5 7. 0-0 cxd4 8. Nxd4 Bxg2 9. Kxg2 Qc7 10. b3 Nc6 11. Nxc6 Qxc6+ 12. Nf3 b5 13. cxb5 Qxb5 14. Bb2 Be7 15. Rc1 0-0 16. Ne5 Rfc8 17. Qd3 Qxd3 18. Nxd3 a5 19. Rxc8+ Rxc8 20. Rc1 Rb8 21. Rc7 Bd8 22. Rc2 Kf8 23. Be5 Ra8 24. Nc5 Ke7 25. Nb7 Ne8 26. Rd2 f6 27. Bc3 Bc7 28. Nc5 d6 29. Na4 d5 30. Rc2 Bd8 31. Bd4 e5 32. Bb6 Ra6 33. Bxd8+ Kxd8 34. Rc5 Nc7 35. Nc3 d4 36. Ne4 Ne6 37. Rc1 Kd7 38. Kf3 f5 39. Nc5+ Nxc5 40. Rxc5 Kd6 41. Rb5 g5 42. e3 e4+ 43. Ke2 d3+ 44. Kd1 Ke6 45. Rc5 h5 46. Kd2 g4 47. Kd1 Ra8 48. Kd2 h4 49. gxh4 Rh8 50. Rxa5 Rxh4 51. Ra6+ Ke5 52. Ra5+ Kf6 53. Ra6+ Kg5 54. b4 Rxh2 55. Ke1 Rh1+ 56. Kd2 Rf1 57. b5 Rxf2+ 58. Ke1 Rb2 59. a4 g3 60. Ra8 Kg4 61. Rg8+ Kf3 62. Rg5 f4 0-1

[Event "Hastings Masters op"]
[Site "Hastings"]
[Date "2024.01.05"]
[Round "9"]
[White "Han, Qixiang"]
[Black "Patel, Zain"]
[Result "1/2-1/2"]
[WhiteElo "1711"]
[BlackElo "1841"]
[PlyCount "104"]
[EventDate "2023.12.28"]
[EventType "swiss"]
[EventRounds "9"]
[EventCountry "ENG"]
[SourceTitle "CB02_2024"]
[SourceDate "2024.01.10"]
[SourceVersion "1"]
[SourceVersionDate "2024.01.10"]
[SourceQuality "1"]

1. d4 Nf6 2. c4 e6 3. g3 Bb4+ 4. Bd2 c5 5. Bxb4 cxb4 6. Bg2 0-0 7. Nf3 a5 8. 0-0 d6 9. Nbd2 Qc7 10. Rc1 b6 11. e4 e5 12. Qc2 Bb7 13. Rfe1 Nbd7 14. a3 bxa3 15. bxa3 Rfe8 16. a4 Nb8 17. dxe5 dxe5 18. c5 Na6 19. cxb6 Qxb6 20. Nc4 Qc7 21. Qb2 Bxe4 22. Ncxe5 Qb7 23. Qxb7 Bxb7 24. Nc4 Nb4 25. Nd6 Rxe1+ 26. Rxe1 Bc6 27. Ng5 Rf8 28. Bxc6 Nxc6 29. Rc1 h6 30. Ngxf7 Nd4 31. Rc7 Ne8 32. Re7 Nxd6 33. Nxd6 Nf5 34. Nxf5 Rxf5 35. Ra7 Rc5 36. Kf1 Kh7 37. Ke2 Kg6 38. Kd3 Kh5 39. Rxg7 Rd5+ 40. Ke3 Re5+ 41. Kd2 Re2+ 42. Kd3 Re3+ 43. Kc4 Re4+ 44. Kb5 Rb4+ 45. Ka6 Rb6+ 46. Kxa5 Rb5+ 47. Ka6 Rb6+ 48. Ka5 Rb5+ 49. Ka6 Rb6+ 50. Ka7 Ra6+ 51. Kb8 Ra8+ 52. Kb7 Ra6 1/2-1/2

[Event "Hastings Masters op"]
[Site "Hastings"]
[Date "2024.01.02"]
[Round "6"]
[White "Patel, Zain"]
[Black "Butt, Laurence"]
[Result "0-1"]
[WhiteElo "1841"]
[BlackElo "1688"]
[PlyCount "98"]
[EventDate "2023.12.28"]
[EventType "swiss"]
[EventRounds "9"]
[EventCountry "ENG"]
[SourceTitle "CB02_2024"]
[SourceDate "2024.01.10"]
[SourceVersion "1"]
[SourceVersionDate "2024.01.10"]
[SourceQuality "1"]

1. e4 Nc6 2. Nf3 e5 3. d4 exd4 4. Bc4 Qe7 5. 0-0 d6 6. Nxd4 Nxd4 7. Qxd4 Be6 8. Nc3 Bxc4 9. Qxc4 c6 10. Bf4 g5 11. Bg3 h5 12. Qd4 Rh6 13. f4 g4 14. f5 Qd7 15. e5 d5 16. Bf4 Rh7 17. e6 Qd8 18. exf7+ Kxf7 19. Qe5 Bc5+ 20. Be3 Bxe3+ 21. Qxe3 Qb6 22. Qxb6 axb6 23. Ne2 Kf6 24. Nd4 Re7 25. a3 Re4 26. Ne6 Nh6 27. Nf4 h4 28. Nh5+ Kf7 29. f6 Rae8 30. a4 Re2 31. Rf2 Rxf2 32. Kxf2 Re5 33. Nf4 Kxf6 34. a5 bxa5 35. Rxa5 Re4 36. Nd3 Re7 37. Ra8 Kg7 38. Rb8 Nf5 39. Nc5 Nd6 40. Rd8 Nc4 41. Nd3 Ne3 42. c3 Nf5 43. Nf4 Re4 44. g3 hxg3+ 45. hxg3 Re3 46. Rd7+ Kf6 47. Rd6+ Ke7 48. Rxd5 Rf3+ 49. Ke1 cxd5 0-1

[Event "Maia op 7th"]
[Site "Maia"]
[Date "2023.08.26"]
[Round "2"]
[White "Patel, Zain"]
[Black "Zhukova, Natalia"]
[Result "0-1"]
[WhiteElo "1982"]
[BlackElo "2310"]
[PlyCount "58"]
[EventDate "2023.08.25"]
[EventType "swiss"]
[EventRounds "9"]
[EventCountry "POR"]
[SourceTitle "EXT 2024"]
[Source "ChessBase"]
[SourceDate "2023.10.10"]
[SourceVersion "1"]
[SourceVersionDate "2023.10.10"]
[SourceQuality "1"]

1. d4 Nf6 2. Nf3 d5 3. c4 e6 4. Nc3 dxc4 5. e4 b5 6. e5 Nd5 7. Nxb5 Nb6 8. Be2 Qd7 9. Nc3 Bb7 10. 0-0 Nc6 11. Be3 Ne7 12. Nd2 0-0-0 13. a4 a5 14. b3 Nf5 15. Bf3 Nxd4 16. Bxb7+ Kxb7 17. Nxc4 Nxc4 18. bxc4 Bb4 19. Nd5 Nc6 20. Nxb4 Qxd1 21. Raxd1 axb4 22. Bg5 Rxd1 23. Rxd1 Ra8 24. Ra1 Nxe5 25. Be7 Nc6 26. Bc5 Ka6 27. Kf1 Rd8 28. Ke2 Nd4+ 29. Kf1 Nb3 0-1

[Event "Reykjavik op"]
[Site "Reykjavik"]
[Date "2023.03.29"]
[Round "1"]
[White "Patel, Zain"]
[Black "Gudmundsson, Solvi"]
[Result "1-0"]
[WhiteElo "1833"]
[BlackElo "1283"]
[PlyCount "43"]
[EventDate "2023.03.29"]
[EventType "swiss"]
[EventRounds "9"]
[EventCountry "ISL"]
[SourceTitle "CBM 213 Extra"]
[Source "ChessBase"]
[SourceDate "2023.05.31"]
[SourceVersion "1"]
[SourceVersionDate "2023.05.31"]
[SourceQuality "1"]

1. d4 c6 2. c4 Nf6 3. Nc3 d5 4. cxd5 Nxd5 5. e4 Nxc3 6. bxc3 e6 7. Nf3 Be7 8. Bd3 Nd7 9. 0-0 0-0 10. Qe2 b6 11. Rd1 Bb7 12. e5 c5 13. Bb5 cxd4 14. Rxd4 Bc8 15. Bxd7 Bxd7 16. Qd3 Ba4 17. Rxd8 Rfxd8 18. Nd4 Rac8 19. Be3 Rc5 20. Qa6 Ra5 21. Qc4 Bd7 22. Nc6 1-0

[Event "EU-ch Cities&Town op"]
[Site "Tornelo INT"]
[Date "2023.01.29"]
[Round "?"]
[White "Patel, Zain"]
[Black "Ramaj, Ergit"]
[Result "1-0"]
[WhiteElo "1806"]
[BlackElo "1861"]
[PlyCount "51"]
[EventDate "2023.01.29"]
[EventType "team-swiss"]
[EventRounds "9"]
[EventCountry "NET"]
[SourceTitle "CBM 212 Extra"]
[Source "ChessBase"]
[SourceDate "2023.03.31"]
[SourceVersion "1"]
[SourceVersionDate "2023.03.31"]
[SourceQuality "1"]
[WhiteTeam "London U18"]
[BlackTeam "Durres Teuta"]
[WhiteTeamCountry "ENG"]
[BlackTeamCountry "ALB"]

1. d4 Nf6 2. Nf3 e6 3. c4 d5 4. Nc3 Bb4 5. Qa4+ Nc6 6. e3 0-0 7. Bd2 dxc4 8. Bxc4 a6 9. Qc2 Bd6 10. 0-0 e5 11. dxe5 Nxe5 12. Nxe5 Bxe5 13. Rad1 Bxh2+ 14. Kxh2 Ng4+ 15. Kg3 Re8 16. Rh1 g6 17. Bxf7+ Kxf7 18. Rxh7+ Kf8 19. Nb5 Qf6 20. Bc3 Qg5 21. Rh8+ Kf7 22. Qb3+ Be6 23. Rd7+ Re7 24. Rh7+ Kg8 25. Qxe6+ Rxe6 26. Rh8# 1-0

[Event "Hastings Weekend op"]
[Site "Hastings"]
[Date "2023.01.07"]
[Round "3"]
[White "Varnam, Liam"]
[Black "Patel, Zain"]
[Result "0-1"]
[WhiteElo "2110"]
[BlackElo "1806"]
[PlyCount "72"]
[EventDate "2023.01.07"]
[EventType "swiss"]
[EventRounds "5"]
[EventCountry "ENG"]
[SourceTitle "CBM 212 Extra"]
[Source "ChessBase"]
[SourceDate "2023.03.31"]
[SourceVersion "1"]
[SourceVersionDate "2023.03.31"]
[SourceQuality "1"]

1. e4 c6 2. d4 d5 3. e5 c5 4. dxc5 e6 5. a3 Bxc5 6. b4 Bb6 7. Nf3 Ne7 8. Bd3 Ng6 9. 0-0 0-0 10. Qe2 Nc6 11. c4 Nd4 12. Nxd4 Bxd4 13. Ra2 dxc4 14. Bxg6 fxg6 15. Rd2 Qb6 16. Qe4 Ba1 17. Rfd1 Qc7 18. f4 a5 19. bxa5 Rxa5 20. Ra2 Rd8 21. Rxd8+ Qxd8 22. Rd2 Rd5 23. Qxc4 Qb6+ 24. Kh1 Rc5 25. Rd8+ Kf7 26. Qf1 Qxb1 27. Rd1 Rd5 28. Bd2 Qc2 29. Rc1 Qxd2 30. Rxc8 Qd1 31. Rc7+ Ke8 32. Rc1 Qxf1+ 33. Rxf1 Bb2 34. a4 Ra5 35. Rb1 Rxa4 36. g3 Ra1 0-1

[Event "London Mindsports Blitz"]
[Site "London"]
[Date "2022.09.11"]
[Round "4.10"]
[White "Demelo, Caitano"]
[Black "Patel, Zain"]
[Result "0-1"]
[WhiteElo "1307"]
[BlackElo "1622"]
[PlyCount "104"]
[EventDate "2022.09.11"]
[EventType "swiss (blitz)"]
[EventRounds "9"]
[EventCountry "ENG"]
[SourceTitle "CBM 210 Extra"]
[Source "ChessBase"]
[SourceDate "2022.11.30"]
[SourceVersion "1"]
[SourceVersionDate "2022.11.30"]
[SourceQuality "1"]

1. e4 c6 2. d4 d5 3. e5 c5 4. Nf3 e6 5. c3 Nc6 6. Bb5 Bd7 7. 0-0 a6 8. Bd3 Nge7 9. Nbd2 Nf5 10. Qc2 cxd4 11. Bxf5 exf5 12. cxd4 Rc8 13. Qb3 Be7 14. Re1 0-0 15. Nf1 Qc7 16. Qxd5 Be6 17. Re3 Bxd5 18. N1d2 f4 19. Re1 Nb4 20. Re2 Qxc1+ 21. Rxc1 Rxc1+ 22. Re1 Rxe1+ 23. Nxe1 Bxa2 24. b3 Rc8 25. h3 Rc1 26. Kf1 Nd3 27. Ke2 Nxe1 28. Nf3 Nxf3 29. gxf3 Bxb3 30. Kd2 Rc2+ 31. Kd3 Rxf2 32. Ke4 Bg5 33. d5 Re2+ 34. Kd4 Rd2+ 35. Kc5 Rxd5+ 36. Kb4 Rb5+ 37. Kc3 Be6 38. Kd4 a5 39. Kc3 Rxe5 40. h4 Bxh4 41. Kd4 Bf6 42. Kd3 Rc5 43. Kd2 a4 44. Kd3 a3 45. Kd2 a2 46. Kd3 a1Q 47. Kd2 Rc3 48. Ke2 Bc4+ 49. Kf2 Bd4+ 50. Kg2 Qg1+ 51. Kh3 Rxf3+ 52. Kh4 Qg4+ 0-1

[Event "London Mindsports Rapid"]
[Site "London"]
[Date "2022.09.11"]
[Round "3.7"]
[White "Patel, Zain"]
[Black "Cherniaev, Alexander1111"]
[Result "0-1"]
[WhiteElo "1584"]
[BlackElo "2267"]
[PlyCount "64"]
[EventDate "2022.09.11"]
[EventType "swiss (rapid)"]
[EventRounds "9"]
[EventCountry "ENG"]
[SourceTitle "CBM 210 Extra"]
[Source "ChessBase"]
[SourceDate "2022.11.30"]
[SourceVersion "1"]
[SourceVersionDate "2022.11.30"]
[SourceQuality "1"]

1. d4 b6 2. c4 Bb7 3. Nc3 e6 4. a3 f5 5. Nf3 Nf6 6. g3 a5 7. Bg2 Na6 8. 0-0 Bd6 9. Qc2 0-0 10. Nb5 Be7 11. Bf4 Nh5 12. Bd2 Qe8 13. b4 c6 14. bxa5 cxb5 15. cxb5 Rc8 16. Qb3 Nc7 17. axb6 Nd5 18. a4 Nxb6 19. a5 Bd5 20. Qd1 Nc4 21. a6 d6 22. Bb4 Qxb5 23. Qb1 Nf6 24. Ng5 Bxg2 25. Kxg2 h6 26. Nf3 Ra8 27. Rc1 Rfc8 28. Qb3 Nd5 29. Ra4 Rxa6 30. Rxa6 Qxa6 31. Nd2 Qb7 32. f3 Nce3+ 0-1